<?xml version="1.0" encoding="UTF-8"?><?xml-stylesheet type="text/xsl" href="static/style.xsl"?><OAI-PMH xmlns="http://www.openarchives.org/OAI/2.0/" xmlns:xsi="http://www.w3.org/2001/XMLSchema-instance" xsi:schemaLocation="http://www.openarchives.org/OAI/2.0/ http://www.openarchives.org/OAI/2.0/OAI-PMH.xsd"><responseDate>2026-06-06T19:13:41Z</responseDate><request verb="GetRecord" identifier="oai:riuma.uma.es:10630/37889" metadataPrefix="marc">https://riuma.uma.es/rest/oai/request</request><GetRecord><record><header><identifier>oai:riuma.uma.es:10630/37889</identifier><datestamp>2026-02-03T11:20:43Z</datestamp><setSpec>com_10630_2254</setSpec><setSpec>col_10630_37953</setSpec></header><metadata><record xmlns="http://www.loc.gov/MARC21/slim" xmlns:dcterms="http://purl.org/dc/terms/" xmlns:doc="http://www.lyncode.com/xoai" xmlns:xsi="http://www.w3.org/2001/XMLSchema-instance" xsi:schemaLocation="http://www.loc.gov/MARC21/slim http://www.loc.gov/standards/marcxml/schema/MARC21slim.xsd">
   <leader>00925njm 22002777a 4500</leader>
   <datafield ind2=" " ind1=" " tag="042">
      <subfield code="a">dc</subfield>
   </datafield>
   <datafield ind2=" " ind1=" " tag="720">
      <subfield code="a">Cuesta-Vargas, Antonio</subfield>
      <subfield code="e">author</subfield>
   </datafield>
   <datafield ind2=" " ind1=" " tag="720">
      <subfield code="a">Gabel, Charles Philips</subfield>
      <subfield code="e">author</subfield>
   </datafield>
   <datafield ind2=" " ind1=" " tag="260">
      <subfield code="c">2013-07-26</subfield>
   </datafield>
   <datafield ind2=" " ind1=" " tag="520">
      <subfield code="a">Background: The Upper Limb Functional Index (ULFI) is an internationally widely used outcome measure with robust, valid psychometric properties. The purpose of study is to develop and validate a ULFI Spanish-version (ULFI-Sp).&#xd;
Methods: A two stage observational study was conducted. The ULFI was cross-culturally adapted to Spanish through double forward and backward translations, the psychometric properties were then validated. Participants (n = 126) with various upper limb conditions of >12 weeks duration completed the ULFI-Sp, QuickDASH and the Euroqol Health Questionnaire 5 Dimensions (EQ-5D-3 L). The full sample determined internal consistency, concurrent criterion validity, construct validity and factor structure; a subgroup (n = 35) determined reliability at seven days.&#xd;
Results: The ULFI-Sp demonstrated high internal consistency (α = 0.94) and reliability (r = 0.93). Factor structure was one-dimensional and supported construct validity. Criterion validity with the EQ-5D-3 L was fair and inversely correlated (r = -0.59). The QuickDASH data was unavailable for analysis due to excessive missing responses.&#xd;
Conclusions: The ULFI-Sp is a valid upper limb outcome measure with similar psychometric properties to the English language version.</subfield>
   </datafield>
   <datafield ind1="8" ind2=" " tag="024">
      <subfield code="a">Cuesta-Vargas AI, Gabel PC. Cross-cultural adaptation, reliability and validity of the Spanish version of the Upper Limb Functional Index. Health Qual Life Outcomes. 2013 Jul 26;11:126. doi: 10.1186/1477-7525-11-126. PMID: 23889883; PMCID: PMC3727948.</subfield>
   </datafield>
   <datafield ind1="8" ind2=" " tag="024">
      <subfield code="a">https://hdl.handle.net/10630/37889</subfield>
   </datafield>
   <datafield ind1="8" ind2=" " tag="024">
      <subfield code="a">10.1186/1477-7525-11-126</subfield>
   </datafield>
   <datafield tag="653" ind2=" " ind1=" ">
      <subfield code="a">Miembros superiores - Test</subfield>
   </datafield>
   <datafield ind2="0" ind1="0" tag="245">
      <subfield code="a">Cross-cultural adaptation, reliability and validity of the Spanish version of the Upper Limb Functional Index</subfield>
   </datafield>
</record>
</metadata></record></GetRecord></OAI-PMH>